00741nam a2200229 a 4500001001300000003000900013005001700022008004100039020002300080082001600103100002200119245006900141260004700210300000900257500003500266650002500301700002200326902000800348942000700356952013100363999001700494nice12345678IN_TiNIC20260116015351.0110408s2005 lona grp 000 0 eng  a9781932031737c30000a201.65bHAR aHarper, L Charles aSpiritual Informationb 100 Perspectives on Science and Religion aLondon bTempleton Foundation Press c2005 a597p aincludes index and biblioraphy aReligion and Science1 aHarper, L Charles bSRS cBK 001040708StackRoom-aHMIbHMId2011-04-08g300.00l1o201.65 HARp11002268r2019-09-13s2019-09-06v300.00w2011-04-08yBK c19416d19416